000 00542nam a2200181Ia 4500
005 20250508152725.0
008 008 250505s9999 xx 000 0 eng d
037 _aTextual
040 _aFEDL
_beng
_cFEDL
041 _aeng
_2eng
084 _a378.73, HAR
_qFEDL
100 _aHarris Seymour E Ed.
_9116993
245 0 _aHigher education in the United States : The economic problems
260 _aCambridge
_bHarvard University Press
_c1960
300 _a252p
942 _cTEXL
_h378.73, HAR
999 _c1338338
_d1338338